000 00617nam a2200157 4500
008 751.730.92 H889o
020 _a9789992406557
082 _a751.730.92
_bH889o
100 _aHufschmid, Dominique
_97089
245 _aOjo, identidad visual nicaragüense
260 _aManagua
_bDominique Hufschmid
_c2007
300 _a140 p.
_bil (col)
_c21 x 16 cm
505 _tPresentación
_rEmerson Pérez S.
_tRescate estético de la plástica callejera
_rTeresa Codina
_tGusto ingenuo y devenir entrópico
_rPatricia Belli
650 _xarte popular
_xgráfica popular
_xarte mural
_xNicaragua
_97090
700 _aGaray, Xabier
_97091
999 _c1808
_d1808